|
|
|
|
| LEADER |
00000nab a2200000 a 4500 |
| 001 |
vtls008768600 |
| 003 |
SK-MaSNL |
| 005 |
20260304213155.0 |
| 008 |
250505 1954 xo p 000 0 slo |
| 015 |
|
|
|a SNBRRBDKK190120XX
|
| 035 |
|
|
|a (uuid)1e55bf02-a43a-4460-a500-5608249a87a5
|
| 035 |
|
|
|a urn:nbn:sk:snk-abc099
|
| 035 |
|
|
|a (urnnbn)urn:nbn:sk:snk:ar-0035om
|
| 040 |
|
|
|a SNKBUCL
|b slo
|c SNKBUCL
|e AACR2
|
| 041 |
0 |
|
|a slo
|
| 044 |
|
|
|a xo
|c SK
|
| 080 |
|
|
|a 027.5
|2 1997
|
| 100 |
1 |
|
|a Kántorová, Irena
|4 aut
|9 1144747
|
| 245 |
1 |
0 |
|a O práci MĽK vo Svite
|c Irena Kántorová
|
| 246 |
3 |
|
|a O práci Miestnej ľudovej knižnice vo Svite
|
| 300 |
|
|
|b 2 fotogr.
|
| 500 |
|
|
|a Rubrika: Z našich knižníc
|
| 520 |
2 |
|
|a Správa o činnosti Miestnej ľudovej knižnice vo Svite, jej fonde, ťažkostiach v práci s čitateľmi, výstavách, voľnom výbere literatúry a spolupráci so školami
|
| 650 |
0 |
7 |
|a ľudové knižnice
|2 SNKPH
|9 256791
|
| 651 |
|
7 |
|a Svit (Slovensko)
|2 SNKPHgeo
|9 29648
|
| 773 |
0 |
|
|t Čitateľ : mesačník pre prácu s čitateľmi
|g Roč. 3, č. 5 (1954), s. 207-209
|
| 850 |
|
|
|a Slovenská národná knižnica
|
| 852 |
|
|
|a Slovenská národná knižnica
|
| 856 |
4 |
1 |
|u http://www.viks.sk/dkk/citatel1954_207_209.doc
|y plný text
|
| 910 |
|
|
|a bdkk
|
| 954 |
|
|
|a odborná, vedecká literatúra pôvodná (slovenská)
|2 lita
|
| 958 |
|
|
|a article15
|
| 958 |
|
|
|a OND
|
| 958 |
|
|
|a EUIPO
|
| 999 |
|
|
|c 3134913
|d 3136843
|